Central Library OPAC University of Rajshahi

Prosperity and depression : (Record no. 45214)

MARC details
000 -LEADER
fixed length control field 00759cam a22002411 4500
001 - CONTROL NUMBER
control field 45214
003 - CONTROL NUMBER IDENTIFIER
rucl marc code BD-RjUL
005 - DATE AND TIME OF LATEST TRANSACTION
control field 20211209053959.0
008 - FIXED-LENGTH DATA ELEMENTS--GENERAL INFORMATION
fixed length control field 160725r19601958xx 001 0 eng
035 ## - SYSTEM CONTROL NUMBER
System control number (BD-RjUL)45332
040 ## - CATALOGING SOURCE
Original cataloging agency DLC
Transcribing agency TxBeaL
Modifying agency BD-RjUL
Language of cataloging eng
041 ## - LANGUAGE CODE
Language code of text/sound track or separate title eng
082 ## - DEWEY DECIMAL CLASSIFICATION NUMBER
Edition number 23
Classification number 338.542
Author mark and year HAP 1960
100 1# - MAIN ENTRY--PERSONAL NAME
Personal name Haberler, Gottfried
Dates associated with a name 1900-
9 (RLIN) 138517
245 10 - TITLE STATEMENT
Title Prosperity and depression :
Remainder of title a theoretical analysis of cyclical movements /
250 ## - EDITION STATEMENT
Edition statement New rev. and enl. [i.e. 4th] ed.
260 ## - PUBLICATION, DISTRIBUTION, ETC. (IMPRINT)
Place of publication, distribution, etc. London,
Name of publisher, distributor, etc. Allen & Unwin
Date of publication, distribution, etc. 1958 [reprint 1960]
300 ## - PHYSICAL DESCRIPTION
Pagination xviii, 520 p. :
Illustrations ill. ;
Size 23 cm.
504 ## - BIBLIOGRAPHY, ETC. NOTE
Bibliography, etc Bibliographical footnotes. and index
650 #0 - SUBJECT ADDED ENTRY--TOPICAL TERM
Topical term or geographic name as entry element Business cycles.
9 (RLIN) 138522
Topical term or geographic name as entry element Economics.
9 (RLIN) 138523
942 ## - ADDED ENTRY ELEMENTS (KOHA)
Source of classification or shelving scheme Dewey Decimal Classification
Koha item type Books
Holdings
Lost status Source of classification or shelving scheme Damaged status Not for loan Collection code Permanent Location Current Location Shelving location Date acquired Source of acquisition Cost, normal purchase price Total Checkouts Full call number Date last seen Copy number Koha item type
  Dewey Decimal Classification     Non-fiction Central Library, University of Rajshahi Central Library, University of Rajshahi   25/01/1963 Zeitlinger 36.00   338.542 HAP 1966 25/07/2016 C-2 Books
  Dewey Decimal Classification     Non-fiction Central Library, University of Rajshahi Central Library, University of Rajshahi   25/01/1963 Zeitlinger 30.00   338.542 HAP 1960 25/07/2016 C-3 Books